000 00289nam a2200109Ia 4500
008 200302s9999 xx 000 0 und d
100 _aBruce Hutchinson & Other
245 _aAdvances in Urban Systems Modelling
260 _bElsevier Science Publishers
260 _c1986
300 _a432 P.,
999 _c5584
_d5584